001007240 001__ 1007240 001007240 005__ 20251020082513.0 001007240 0247_ $$2HSB$$aeva569194 001007240 0247_ $$2ISSN$$a2399-3642 001007240 0247_ $$2SCOPUS$$aSCOPUS:2-s2.0-85199188212 001007240 0247_ $$2WOS$$aWOS:001273175600001 001007240 0247_ $$2doi$$a10.1038/s42003-024-06546-2 001007240 0247_ $$2pmid$$apmid:39033173 001007240 0247_ $$2datacite_doi$$a10.18154/RWTH-CONV-253594 001007240 037__ $$aRWTH-CONV-253594 001007240 041__ $$aEnglish 001007240 1001_ $$0P:(DE-588)1171819471$$aYang, Danqing$$b0$$urwth 001007240 245__ $$aModulation of large rhythmic depolarizations in human large basket cells by norepinephrine and acetylcholine$$honline 001007240 260__ $$aLondon$$bSpringer Nature$$c2024 001007240 300__ $$a1-14 001007240 3367_ $$00$$2EndNote$$aJournal Article 001007240 3367_ $$0PUB:(DE-HGF)16$$2PUB:(DE-HGF)$$aJournal Article$$bjournal$$mjournal 001007240 3367_ $$2BibTeX$$aARTICLE 001007240 3367_ $$2DRIVER$$aarticle 001007240 3367_ $$2DataCite$$aOutput Types/Journal article 001007240 3367_ $$2ORCID$$aJOURNAL_ARTICLE 001007240 591__ $$aGermany 001007240 7001_ $$aQi, Guanxiao$$b1 001007240 7001_ $$aOrt, Jonas$$b2 001007240 7001_ $$0P:(DE-588)1220300519$$aWitzig, Victoria Sofie$$b3$$urwth 001007240 7001_ $$0P:(DE-588)1346071535$$aBak, Aniella$$b4$$urwth 001007240 7001_ $$0P:(DE-82)853757$$aDelev, Daniel$$b5$$urwth 001007240 7001_ $$0P:(DE-82)834259$$aKoch, Henner$$b6$$urwth 001007240 7001_ $$0P:(DE-82)001629$$aFeldmeyer, Dirk$$b7$$eCorresponding author$$urwth 001007240 773__ $$0PERI:(DE-600)2919698-X$$a10.1038/s42003-024-06546-2$$n1$$p885$$tCommun Biol$$v7$$x2399-3642 001007240 8564_ $$uhttps://publications.rwth-aachen.de/record/1007240/files/1007240.pdf$$yOpenAccess 001007240 909CO $$ooai:publications.rwth-aachen.de:1007240$$pdnbdelivery$$pdriver$$pVDB$$popen_access$$popenaire 001007240 9101_ $$0I:(DE-588b)36225-6$$6P:(DE-588)1171819471$$aRWTH Aachen$$b0$$kRWTH 001007240 9101_ $$0I:(DE-588b)36225-6$$6P:(DE-588)1220300519$$aRWTH Aachen$$b3$$kRWTH 001007240 9101_ $$0I:(DE-588b)36225-6$$6P:(DE-588)1346071535$$aRWTH Aachen$$b4$$kRWTH 001007240 9101_ $$0I:(DE-588b)36225-6$$6P:(DE-82)853757$$aRWTH Aachen$$b5$$kRWTH 001007240 9101_ $$0I:(DE-588b)36225-6$$6P:(DE-82)834259$$aRWTH Aachen$$b6$$kRWTH 001007240 9101_ $$0I:(DE-588b)36225-6$$6P:(DE-82)001629$$aRWTH Aachen$$b7$$kRWTH 001007240 9141_ $$y2024 001007240 9151_ $$0StatID:(DE-HGF)0031$$2StatID$$aPeer reviewed article$$x0 001007240 915__ $$0StatID:(DE-HGF)0510$$2StatID$$aOpenAccess 001007240 915__ $$0LIC:(DE-HGF)CCBY4$$2HGFVOC$$aCreative Commons Attribution CC BY 4.0 001007240 9201_ $$0I:(DE-82)535500-8_20140620$$k535500-8$$lLehr- und Forschungsgebiet Funktion kortikaler Schaltkreise$$x0 001007240 9201_ $$0I:(DE-82)535500-2_20140620$$k535500-2$$lKlinik und Lehrstuhl für Psychiatrie, Psychotherapie und Psychosomatik$$x1 001007240 9201_ $$0I:(DE-82)535000-3_20140620$$k535000-3$$lLehr- und Forschungsgebiet Epileptologie$$x2 001007240 9201_ $$0I:(DE-82)535000-2_20140620$$k535000-2$$lKlinik und Lehrstuhl für Neurologie$$x3 001007240 9201_ $$0I:(DE-82)080010_20140620$$k080010$$lJARA-BRAIN$$x4 001007240 9201_ $$0I:(DE-82)533800-2_20140620$$k533800-2 ; 933610$$lKlinik und Lehrstuhl für Neurochirurgie$$x5 001007240 961__ $$z2025-03-20 001007240 970__ $$aeva569194 001007240 9801_ $$aFullTexts 001007240 980__ $$aI:(DE-82)080010_20140620 001007240 980__ $$aI:(DE-82)533800-2_20140620 001007240 980__ $$aI:(DE-82)535000-2_20140620 001007240 980__ $$aI:(DE-82)535000-3_20140620 001007240 980__ $$aI:(DE-82)535500-2_20140620 001007240 980__ $$aI:(DE-82)535500-8_20140620 001007240 980__ $$aUNRESTRICTED 001007240 980__ $$aVDB 001007240 980__ $$ajournal